Curious George feeds the animals (Record no. 108222)
[ view plain ]
| 000 -LÍDER | |
|---|---|
| campo de controle de tamanho fixo | 00730 a2200253 4500 |
| 001 - NÚMERO DE CONTROLE | |
| campo de controle | 108222 |
| 020 ## - ISBN - INTERNATIONAL STANDARD BOOK NUMBER | |
| ISBN - International Standard Book Number | 9780618603879 (set) |
| 041 ## - CÓDIGO DE IDIOMA | |
| Código do idioma do texto/trilha sonora ou título diferente | por |
| 090 ## - NÚMERO DE CHAMADA LOCAL | |
| Número de chamada (OCLC) (R); Número de chamada, CALL (RLIN) (NR) | RA SK [E] MAR |
| 092 ## - CLASSIFICAÇÃO DE DEWEY ATRIBUÍDA LOCALMENTE (OCLC) | |
| Número de Classificação | 2011292105 |
| 040 ## - FONTE DA CATALOGAÇÃO | |
| Instituição da catalogação original | BR-BrIDEA |
| Instituição que transcreveu o registro | BR-BrIDEA |
| 250 ## - EDIÇÃO | |
| Edição | . ed. |
| 245 10 - TÍTULO | |
| Título | Curious George feeds the animals |
| Indicação de responsabilidade, etc. | illustrated in the style of H.A. Rey by Vipah Interactive |
| 260 ## - PUBLICAÇÃO, DISTRIBUIÇÃO, ETC. | |
| Local de publicação, distribuição, etc. | New York |
| Nome do editor, distribuidor, etc. | Houghton Mifflin |
| Data da publicação, distribuição, etc. | 2005 |
| 300 ## - DESCRIÇÃO FÍSICA | |
| Extensão | 24 p. |
| 490 ## - TÍTULO DA SÉRIE | |
| Título da série | A book & CD favorite |
| 697 ## - ENTRADA DE ASSUNTO LOCAL--ENTIDADE COLETIVA (RLIN) | |
| Nome corporativo ou nome da jurisdição | Parrots - Fiction. |
| 697 ## - ENTRADA DE ASSUNTO LOCAL--ENTIDADE COLETIVA (RLIN) | |
| Nome corporativo ou nome da jurisdição | Monkeys - Fiction. |
| 697 ## - ENTRADA DE ASSUNTO LOCAL--ENTIDADE COLETIVA (RLIN) | |
| Nome corporativo ou nome da jurisdição | Zoos - Fiction. |
| 700 ## - ENTRADA ADICIONADA - NOME PESSOAL | |
| Nome pessoal | the style of H.A. Rey by Vipah Interactive |
| Função do autor por extenso | Illustrated |
| 830 ## - ENTRADA SECUNDÁRIA DE SÉRIE--TÍTULO UNIFORME | |
| Título uniforme | A book & CD favorite |
| 856 ## - LOCALIZAÇÃO ELETRÔNICA E ACESSO | |
| Uniform Resource Identifier | <a href="000017/00001797.jpg">000017/00001797.jpg</a> |
| 942 ## - ELEMENTOS DE ENTRADA ADICIONADOS (KOHA) | |
| Tipo de material Koha | Música |
| Situação do descarte | Situação das perdas | Fonte da classificação ou esquema de arquivamento na estante | Situação física | Não pode ser emprestado | Biblioteca de origem | Biblioteca atual | Data de aquisição | Total de empréstimos | Número de chamada completo | Código de barras | Data de último acesso | Data do preço efetivo | Tipo de material Koha |
|---|---|---|---|---|---|---|---|---|---|---|---|---|---|
| Classificação Decimal de Dewey | ECB - SUDOESTE | ECB - SUDOESTE | 10/03/2016 | R SK [E] MAR | 00018679SSW | 23/01/2024 | 23/01/2024 | Música |